000
00284nam a2200133Ia 4500
100
_a
Babbit/ R.O. ed.
942
_c
RB
654
_a
Rubber handbook
245
_a
Rubber handbook
260
_b
Vanderbilt co.
_a
Norwalk
_c
1978
082
_a
678.4
300
_a
871
546
_a
ENGLISH
999
_c
34097
_d
34097